Most Premier League Goals (2018) Quiz Stats

 Plays Quiz Updated Apr 12, 2019

Score 0/61 Timer 08:00
3 Plays Today
Goals Player % Correct
25Harry Kane
98.8%
28Mohamed Salah
98.8%
18Sergio Aguero
96.2%
17Jamie Vardy
95.5%
17Eden Hazard
95.1%
14Sadio Mané
94.2%
13Roberto Firmino
92.3%
13Romelu Lukaku
91.7%
23Pierre-Emerick Aubameyang
90%
13Son Heung-min
89.3%
14Raheem Sterling
88.7%
12Alexandre Lacazette
86.9%
11Riyad Mahrez
84.3%
8Marcus Rashford
84.2%
10Leroy Sané
82.4%
10David Silva
82.1%
10Bernardo Silva
82%
8Wilfried Zaha
80.3%
10Paul Pogba
79.1%
9Dele Alli
78.9%
12Callum Wilson
73.7%
8Christian Eriksen
73.4%
11Anthony Martial
73.3%
6Troy Deeney
73.2%
15Glenn Murray
71.5%
10Xherdan Shaqiri
70.7%
8Gabriel Jesus
69.8%
11Josh King
67.4%
11Marko Arnautovic
63.8%
9Richarlison
63.7%
8Aleksandar Mitrovic
61.5%
Goals Player % Correct
9Salomon Rondon
61.1%
6Alvaro Morata
58.2%
6Theo Walcott
56.5%
5Willian
54.1%
8Javier Hernandez
52%
8Danny Ings
51.4%
6Jesse Lingard
51.1%
9Gylfi Sigurdsson
49%
6Pedro
46.9%
8Chris Wood
46.8%
9Ayoze Perez
45.3%
9Ashley Barnes
44.3%
6Ryan Fraser
42.2%
6Henrikh Mkhitaryan
41.3%
8Felipe Anderson
40%
5Aaron Ramsey
39.2%
6Andre Gray
38.8%
6Lucas Moura
38%
12Luka Milivojevic
36.8%
6Raul Jimenez
36.6%
7Ilkay Gundogan
33.5%
6Erik Lamela
32%
7Cenk Tosun
30.8%
10Roberto Pereyra
28.9%
5James Maddison
22.4%
5Andre Schürrle
21.7%
5David Brooks
19.7%
5Junior Stanislas
13.9%
5James McArthur
8.5%
6Patrick van Aanholt
8.2%

You're not logged in!

Compare scores with friends on all Sporcle quizzes.
OR
Log In

Show Comments

Extras

Top Quizzes Today


Score Distribution

Your Account Isn't Verified!

In order to create a playlist on Sporcle, you need to verify the email address you used during registration. Go to your Sporcle Settings to finish the process.

Report this User

Report this user for behavior that violates our Community Guidelines.

Details: